000 00610nam a2200241Ia 4500
003 OSt
005 20220918174805.0
006 a|||||r|||| 00| 0
007 ta
008 220917b |||||||| |||| 00| 0 eng d
024 _a14,171
037 _cTextual
040 _aARTS
_cARTS
_beng
041 _2eng
_aeng
082 _aNTwN15, L8
100 _aNaremore James
_951789
245 0 _aMagic world of Orson Welles
260 _aNew York
_bOUP
_c1978
300 _ax,339p. illus
_ccm.
650 _aARTS
942 _hNTwN15, L8
_cTEXL
_2CC
999 _c154726
_d154726